MDQL
is popping MORE tags! Check the
thread
!
Quizzes
Events
Quiz Creation
Community
Videos
Private Events
Remove Ads
Sign In
Join for FREE
Feedback
Dark Mode
Quiz Categories
Sports
Geography
Music
Movies
Television
Just For Fun
Miscellaneous
History
Literature
Language
Science
Gaming
Entertainment
Religion
Holiday
For Kids
Quiz Lab
Recent
Popular Today
Quiz Kudos Today
Editor Picks
Curator Picks
Quizzes by...
Day
Popularity
Type
Ratings
Length
Year
Community
Subscriptions
Recent Discussions
Orange Saloon
Badges
Playlists
Quests
Create
Leaderboards
Showdown
Live 5
Trivia Bingo
Activity
Puzzle Library
Sporcle Events
Private Events
Virtual Trivia
Globe League
Become a Host
Pub Owners
SporcleCon
Opinionation
Our Games
Videos
Blog
Mobile Apps
Partnerships
Remove Ads and Go Orange
Feedback
Science
Computer
Plants
Astronomy
Chemistry
Elements
Math
Animal
Physics
Anatomy
Biology
Geology
General Science
Science
Computer
Plants
Astronomy
Chemistry
Elements
Math
Animal
Physics
Anatomy
Biology
Geology
General Science
Random Quiz
Search Sporcle
×
Quiz Lab
Quiz Lab
Science
fall
Type in answers that appear in a list
Type in answers that appear in a list
Classic
Best Score? Go Orange.
Stars Final Fall Stats
Can you name the constellation that each star is in?
By
micolatmtsac
10m
22 Questions
94 Plays
94 Plays
94 Plays
Comments
Comments
Give Quiz Kudos
Give Quiz Kudos
-
- Ratings
hide this ad
Forced Order
Answers have to be entered in order
Answers have to be entered in order
Random Order
Randomize order of answers
Randomize order of answers
Replay
Link that replays current quiz
Next Quiz
Link to next quiz in quiz playlist
You Got
0%
They Got
Avg Score
64%
Avg Friend Score
Upgrade to see
Score Distribution
Jump to the score distribution portion of the page
Score
0/22
Timer
10:00
0
Plays Today
Star
Constellation
% Correct
Pollux
Gemini
81.9%
Betelgeuse
Orion
80.9%
Polaris
Ursa Minor
76.6%
Castor
Gemini
74.5%
Rigel
Orion
71.3%
Sirius
Canis Major
70.2%
Regulus
Leo
66%
Deneb
Cygnus
63.8%
Aldebaran
Taurus
63.8%
Vega
Lyra
62.8%
Merak
Ursa Major
61.7%
Star
Constellation
% Correct
Spica
Virgo
61.7%
Altair
Aquila
61.7%
Capella
Auriga
61.7%
Arcturus
Bootes
60.6%
Procyon
Canis Minor
60.6%
Antares
Scorpius
59.6%
Dubhe
Ursa Major
58.5%
Thuban
Draco
58.5%
Algol
Perseus
56.4%
Albireo
Cygnus
52.1%
Markab
Pegasus
52.1%
Quiz Playlist
Details
Report
Send in Message
Add To Playlist
Classic:
Type in answers that appear in a list
Forced Order:
Answers have to be entered in order
Random Order:
Randomize order of answers
Last Updated: Feb 16, 2017
Quiz Scoreboard
CHALLENGE
Sign Up to Join the Scoreboard
Show All
Scores
Hide
Comments
May contain spoilers
Recently Published
Street Fighter Characters
by Artimus82
Gaming
60s
9x9 Crossword: Cartoon Network
by jackfrog10
Miscellaneous
3m
College Basketball Coaching Resumes
by pancakes188
Sports
9m
More to Explore
Quiz From the Vault
Featured Blog Post
Where Did the Easter Bunny Come From?
hide this ad
You Might Also Like...
Tags
constellation
fall
final
star
Today's Top Quizzes in Science
Browse Science
hide this ad
Today's Top Quizzes in fall
Browse fall
Top Contributed Quizzes in Science
1
Quick Pick: Radians
2
The First 100 Digits of Pi
3
Quick Pick: 'CI-CJ' Animals
4
Elements In Images
5
perfect squares 1-25
6
One Thing in Common: Science
7
One Thing in Common: Science II
8
One Thing in Common: Animals
9
Science Jokes
10
One Thing in Common: Science III
Explore More
Trending Topics
Crossword
Kpop
Harry Potter
Marvel
Anime
NBA
Disney
NFL
WWE
Song
Soccer
Puzzle
Country
The Office
Pokémon
hide this ad
More By:
micolatmtsac
Quiz
Plays
Rating
Category
Featured
Created
Planet Facts
1,933
4.00
Science
May 1, 2013
Moons
1,534
3.50
Science
May 1, 2013
Special Objects for Astronomy 5 Midterm
918
4.00
Science
Nov 3, 2013
Constellation Shapes for 1st Midterm - Spring
592
5.00
Science
Mar 21, 2011
Stars for Final Constellation Quiz
516
5.00
Science
May 30, 2013
Go to Creator's Profile
Score Distribution
Quiz Creator Spotlight
micolatmtsac
Follow
Send a Message
Quizzes Created
-
Created Quiz Play Count
-
More By This Creator
Popular Quizzes Today
1
Find the US States - No Outlines Minefield
2
Find the Countries of Europe - No Outlines Minefield
3
The Countries of the World
4
Find the US States
5
Risky Map Clicking: Biggest States A-Z
6
US States
7
Popular People in 1961
8
Movies - When Are They Set?
More Science Quizzes
Molecular Covalent Bonding
Published
Trending Quizzes
Risky Map Clicking: Least Populous States A-Z
Countries of the World: 200 Million BC
1-10 Letter G Words
Risky Map Clicking: Next State Alphabetically
Adjectives in 80s TV Shows
Recently Updated
Leaping Animals
pecheneg
Reality TV Shows (A-Z)
bhenderson79
Rickey Henderson's Hall of Fame Teammates
pecheneg
Champions League XIs: Arsenal
pecheneg
Quick Pick: Celebrities in WWE's Hall of Fame
aduchscher
A-Z Keypad Blitz II
pecheneg
Multiple Oscar Actors
pecheneg
Mystery Phrase Blitz: Oscar 'Best Actors'
pecheneg
F. Scott Fitzgerald Novels
LTH
Pick 3 Villains
ddd62291
Trending Topics
Marvel
Anime
Crossword
Harry Potter
NBA
Disney
Kpop
NFL
Soccer
WWE
Puzzle
The Office
Country
Song
Pokémon
Your Account Isn't Verified!
In order to create a playlist on Sporcle, you need to verify the email address you used during registration. Go to your
Sporcle Settings
to finish the process.
Report this User
Report this user for behavior that violates our
Community Guidelines
.
Details:
Send Report
Go to the Sporcle.com Mobile Site →
Comments